000 01672nam a2200217Ia 4500
003 Ost
005 20260507074955.0
008 260507s9999||||xx |||||||||||||| ||und||
040 _cfsecg
041 _aara
082 _a332.66
100 _aعربيات، وائل
_eمؤلف
245 0 _aالمصارف الاسلامية والمؤسسات الاقتصادية :
_b#NAME?
_c وائل عربيات
260 _aعمان:
_bدار الثقافة للنشر والتوزيع,
_c2006
300 _a368 صفحة؛
_bإيضاحات ؛
_c25 سم
504 _aببليوغرافيا: ص.355
520 _aالمشاركة المتناقصة : المشاركة المتناقصة "المنتهية بالتمليك" -محل المشاركة المتناقصة وشروطها -الاثار المترتبة على عقد الشركة المتناقصة"الالتزمات المتبادلة بين الطرفين" -التطبيقات العملية المعاصرة لعقد الشركة المتناقصة -الاستصناع:عقد الاستصناع في الفقه الاسلامي -عقد الاستصناع في النظام المصرفي الاسلامي -التأصيل الشرعي لعقد الاستصناع في النظام المصرفي الاسلامي -أحكام عقد الاستصناع في النظام المصرفي الاسلامي -الاثار المترتبة على عقد الاستصناع في النظام المصرفي الاسلامي -تطبيقات عقد الاستصناع في المصارف والمؤسسات
653 _aالاستثمار المصرفي
653 _aالبنوك الإسلامية
942 _cكتاب
999 _c42024
_d42024